| 000 | 00490nam a2200193Ia 4500 | ||
|---|---|---|---|
| 005 | 20240913125457.0 | ||
| 008 | 240913s9999||||xx |||||||||||||| ||und|| | ||
| 020 | _a81-7598-065-6 | ||
| 041 | _aENGLISH | ||
| 082 | _A343.096 | ||
| 100 | _aSterling Book House | ||
| 245 | 4 | _aThe Merchant Shipping Act,1958 (Act No 44of 1958) | |
| 250 | _a1st | ||
| 260 |
_c2003 _bSterling Pub.,New _aNew Delhi |
||
| 500 | _aREFERENCE | ||
| 650 |
_aShipping _bMarine |
||
| 942 | _cREF | ||
| 999 |
_c245627 _d245627 |
||